00431nam a2200121Ia 4500008004100000024006000041082001800101100006400119245003700183260002600220600002500246650003800271260210s9999 xx 000 0 und d a15B-023-SE, 15B-015-SE, 15B-074-SE & 15B-025-SE a004.12910 ROJ aRoja Siddiqui, Sadia Shakeel, Sahar Shan & Tooba Ashraf 0aSentiment Analysis Using Twitter aKarachi:bUITU,c2005 aSoftware Engineering aBachelor of Computer Science (BS)